| 000 | 01192nas a2200409 4500 | ||
|---|---|---|---|
| 001 | BR0805557 | ||
| 003 | BR-BrBNA | ||
| 005 | 20231205112008.0 | ||
| 007 | ta | ||
| 008 | 230509b bl.|||p| |||| 00| 00por d | ||
| 040 |
_aBR-BrBNA _bpor _cBiblioteca Nacional de Agricultura |
||
| 041 | _a(Pt) | ||
| 072 | _aF01; F08 | ||
| 100 | 1 | _aSaturnino, H.M. | |
| 100 | 1 | _aPacheco, D.D. | |
| 100 | 1 | _aKakida, J. | |
| 100 | 1 | _aGonçalves, N.P. | |
| 245 | 1 | _aCultura do pinhão-manso (Jatropha curcas L.) | |
| 650 | _aPRODUÇÃO VEGETAL | ||
| 650 | _aPINHÃO DE PURGA | ||
| 650 | _aJATROPHA CURCAS | ||
| 650 | _aSISTEMA DE CULTIVO | ||
| 650 | _aPLANTA OLEAGINOSA | ||
| 650 | _aFISIOLOGIA VEGETAL | ||
| 650 | _aIMPLANTAÇÃO DE CULTURA | ||
| 650 | _aSEMENTE | ||
| 650 | _aÓLEO VEGETAL | ||
| 650 | _aCOMBUSTÍVEL | ||
| 650 | _aVARIEDADE | ||
| 650 | _aCLIMA | ||
| 650 | _aADUBAÇÃO | ||
| 650 | _aPROPAGAÇÃO VEGETATIVA | ||
| 650 | _aGERMOPLASMA | ||
| 773 | 0 |
_tInforme Agropecuário - Empresa de Pesquisa Agropecuária de Minas Gerais (Brazil) _xISSN 0100-3364 _g(2005), v. 26(299) p. 45-78 _wBR0805557 |
|
| 909 |
_a202311 _bLúcia _c55 _dLúcia Elande |
||
| 942 |
_2AGRIS _n0 _cANA |
||
| 999 |
_c195531 _d195531 |
||